[Event "Benasque"]
[Site "Benasque"]
[Date "1995.??.??"]
[Round "6"]
[White "Miles, Anthony John"]
[Black "Izeta Txabarri, Felix"]
[Result "1-0"]
[WhiteElo "2600"]
[BlackElo "2495"]
[Annotator "Stohl,I"]
[PlyCount "117"]
[EventDate "1995.07.??"]
[EventType "tourn"]
[EventRounds "9"]
[EventCountry "ESP"]
[EventCategory "13"]
[SourceTitle "CBM 050"]
[Source "ChessBase"]
[SourceDate "1996.02.01"]
[SourceVersion "1"]
[SourceVersionDate "1996.02.01"]
[SourceQuality "1"]

1. g3 (1. Nf3 c5 2. g3 g6 3. Bg2 Bg7 4. d4 cxd4 5. Nxd4 Qb6 6. Nf3 Nc6 7. O-O
d6 8. e4 Nf6 9. h3 Qc7 10. Nc3 Bd7 11. Re1 O-O 12. Nd5 Qc8 13. Kh2 Re8 14. c3
Ne5 15. Bg5 Nxd5 16. exd5 Nc4 17. Re2 $14 {Bauza,A-Godoy,D/Santiago zt/1995/})
1... g6 (1... c5 2. Bg2 Nc6 3. Nf3 g6 4. d4 cxd4 5. Nxd4 Bg7 6. Nb3 (6. Nxc6
bxc6 7. c4 Nf6 (7... Rb8 8. Qc2 Qb6 (8... Nh6 9. Nc3 Nf5 10. b3 O-O 11. Bb2 Ba6
12. O-O d5 13. Rfd1 Nd4 14. Qb1 Bxc4 15. bxc4 Nxe2+ 16. Nxe2 Rxb2 17. Qd3 e6
18. a3 Qb6 19. Rac1 Rb3 20. Qd2 Rxa3 21. cxd5 cxd5 22. Nd4 Ra4 23. Nc6 Bf6 $44
{Henley,R-Keene,R/Surakarta/Denpasar/1982/}) 9. Nd2 c5 10. O-O h5 11. h4 d6 12.
Rb1 Nf6 13. b3 Bf5 14. e4 Bd7 15. Bb2 O-O 16. Rbd1 Ng4 17. Bxg7 Kxg7 18. Qc3+
Kg8 19. f3 Ne5 20. f4 Nc6 21. f5 a5 22. Qe3 Kg7 23. Qg5 Qd8 24. g4 $13 {
Stefanova-Sergeev/Ml.Boleslav op/1993/}) (7... Qa5+ $5 8. Nd2 Rb8 9. Qc2 c5 10.
O-O Bb7 11. Bxb7 Rxb7 12. Ne4 Qc7 13. Rb1 f5 14. Nc3 Nf6 15. e4 fxe4 16. Nxe4
O-O 17. Be3 Nxe4 18. Qxe4 Rf7 19. Bxc5 Rxb2 20. Rxb2 Bxb2 21. Qa8+ Rf8 22. Qxa7
Qxa7 23. Bxa7 Ra8 24. Rb1 Rxa7 25. Rxb2 Kf7 $44 {Gulko,B-Yudasin,L/Groningen
PCA/1993/}) 8. Nc3 O-O 9. O-O Rb8 10. b3 c5 11. Bb2 d6 12. Qd2 Bd7 13. e4 Ng4
14. Nd5 Bxb2 15. Qxb2 Ne5 $15 {[%csl Rd4] ><d4,Panchenko,AG-Eingorn,V/URS-ch58/
1991/}) 6... a5 7. a4 d6 8. Nc3 (8. O-O Be6 9. c3 Qb6 10. Ra3 Nh6 11. Be3 Qa6
12. Nd4 Nxd4 13. Bxd4 O-O 14. Re1 Rac8 15. e4 Ng4 16. Bf1 Qc6 17. Bb5 Bxd4 18.
cxd4 Qc2 19. Qe2 f5 20. Nc3 Qxe2 21. Rxe2 Bc4 22. Bxc4+ Rxc4 23. f3 Nh6 24. Rd2
fxe4 $10 {Jansa,V-Danner,G/Trnava/1987/}) 8... Nf6 9. O-O O-O (9... Bf5 10. e4
Bg4 11. f3 Bd7 12. Be3 Ne5 13. Bd4 Nc6 14. Be3 Nb4 15. Ne2 O-O 16. Kh1 Qc8 17.
c3 Nc6 18. Nbd4 $14 {Sher,M-Polgar,Zso/Hastings op/1993/}) 10. h3 Be6 11. e4
Nb4 12. Nd4 Bc4 13. Re1 Nd7 14. Be3 Rc8 15. Qd2 Ba6 16. Rac1 Re8 17. Nd5 Nc6
18. b3 Nc5 19. Red1 Nd7 20. Ne2 Bxe2 21. Qxe2 e6 22. Nf4 Qc7 23. Qd2 Bf8 24.
Ne2 Nc5 25. Nc3 $36 {Van der Vliet,F-Popov,L/Wijk aan Zee-B/1977/}) 2. Bg2 (2.
d4 Bg7 3. Bg2 e5 $6 4. dxe5 Bxe5 5. c4 Nc6 6. Nf3 Bg7 7. O-O Nge7 8. Nc3 O-O 9.
Bf4 d6 10. Qd2 Be6 11. Nd5 Bxd5 12. cxd5 Ne5 13. Rac1 c6 14. dxc6 bxc6 15. Rfd1
Nxf3+ 16. Bxf3 d5 17. b3 Qd7 18. Qb4 $16 {Abravanel,C-Laval,H/Uzes op/1989/})
2... Bg7 3. d4 c6 (3... c5 4. d5 (4. dxc5 Qa5+ 5. c3 Qxc5 6. Be3 Qc7 7. Qd2 Nc6
8. Na3 Nf6 9. Bh6 O-O 10. Bxg7 Kxg7 11. h4 h5 12. Nh3 d5 $6 13. Nf4 Rd8 14. Rd1
Bf5 15. O-O Qb6 16. c4 dxc4 17. Qc3 Qa5 18. Qxc4 e5 19. Bxc6 exf4 20. Bxb7 Rab8
21. Qxf4 $1 $16 {Azmayparashvili,Z-Glek,I/Dortmund Op-A/1992/}) 4... d6 5. c4
b5 6. cxb5 a6 7. bxa6 Bxa6 8. h4 {-A57} Nf6 9. Nh3 Nbd7 10. Nf4 h5 11. Qc2 O-O
12. O-O Qb6 13. Bd2 Ne5 14. Bc3 Nfg4 15. Nd2 Bc8 16. a4 Bd7 17. a5 Qa6 18. Rfe1
Rfb8 19. Nf3 Bf5 20. e4 $14 {Zaichik,G-Sorin,A/Moscow olm/1994/}) 4. Nc3 $5 (4.
c4 d5 {-D7} (4... Nf6 5. Nc3 d6 {-E62})) 4... d5 5. Nf3 Nf6 6. O-O O-O 7. Bf4
Bf5 (7... Ne4 $6 8. Nxe4 dxe4 9. Ne5 f6 10. Nc4 f5 11. Be5 $14) 8. Qd2 Qc8 (
8... Ne4 9. Nxe4 Bxe4 10. Qb4 $5 Qc8 (10... b6 11. c4 $14) 11. Qxe7 Bxc2 $10) (
8... Nbd7 9. Nh4 $5 Be6 10. e4 $14 {[+]|^}) 9. Rfe1 Na6 (9... Ne4 $5 $10) 10.
Rac1 Re8 11. Bh6 Bh8 $6 (11... Ne4 $142 12. Nxe4 Bxe4 13. c4 Nc7 $132) 12. Ne5
Nd7 13. f4 $1 {[%csl Rh8] (),ץh8} f6 14. Nd3 Nc7 (14... e5 15. dxe5 fxe5 16.
e4 $1 $40) 15. Nf2 Nb6 (15... e5 16. dxe5 fxe5 17. e4 $16) 16. e4 Be6 17. b3
$16 {[%csl Gd4,Ge4,Gf4][%cal Ge1e7] [+],|^<->e} Qd7 $6 (17... Bf7 $142 $16) 18.
Nd3 Bf7 19. Nc5 Qc8 20. Rcd1 Nd7 21. Bh3 e6 {[%csl Rf7] ץf7} 22. Nd3 $1 {
White avoids exchanges, as Black's position is very cramped.} f5 (22... Bg7 23.
Bxg7 Kxg7 24. e5 f5 25. Ne2 $16) 23. e5 {() The e4-e5 advance gives White a
permanent advantage.} (23. exf5 $6 exf5 (23... Bxd4+ $2 24. Nf2 $40) 24. Ne5
Nf6 $14) 23... Nb5 24. Ne2 c5 25. dxc5 Nxc5 26. Qb4 $1 {<->c} Nxd3 27. cxd3 a6
28. Rc1 Qd7 29. Rc2 Rac8 30. Rec1 Rxc2 31. Rxc2 Rc8 32. Bf1 $1 {White already
activates his pieces for the coming endgame. Black's Bishop is especially
helpless and his dark squares extremely weak.} Bg7 (32... Rxc2 $4 33. Qf8#) 33.
Rxc8+ Qxc8 34. Bxg7 Kxg7 35. a4 Na7 36. Nd4 Nc6 (36... Qc7 $142 $16) 37. Qc5
Be8 (37... Qc7 38. Nxc6 bxc6 39. d4 a5 40. b4 $18) 38. b4 Qd7 $8 39. Nb3 $1 (
39. Nxc6 Qxc6 40. Qe7+ Kg8 $14) 39... Nd8 40. Qb6 {[%cal Rb3c5,Rb6d8] /\Nc5,
Qd8!} Kf7 41. Nc5 Qe7 (41... Qc8 42. b5 axb5 43. axb5 $18 {[%csl Rd8,Re8]
Black is paralyzed, his minor pieces have no squares.}) 42. Be2 h6 43. b5 axb5
44. axb5 Kg8 (44... g5 45. Bh5+ Kf8 46. Qxd8 $1 $18) 45. d4 g5 46. Qd6 $1 Qxd6
$8 47. exd6 $18 {Due to the current pawn structure Black's minor pieces play a
tragic role and they can't prevent White's patient preparation for the
decisive breakthrough.} g4 (47... b6 48. Na4 $18) 48. d7 Bf7 49. b6 $1 {
[%csl Rb7,Rd8] ><b7,Nd8} Kf8 50. Bb5 (50. Ba6 Ke7 (50... bxa6 $2 51. b7 Nxb7
52. Nxb7 $18) 51. Bxb7 $6 Nxb7 52. Nxb7 Kxd7 53. Nc5+ Kc6 54. b7 Kc7 $16 {
But White has enough time to activate his K first.}) 50... Ke7 51. Kf2 Bg8 52.
Ke3 Bf7 53. Kd2 Bg8 54. Kc3 Bf7 55. Kb4 Kd6 56. Nd3 $1 Bg8 57. Ne5 Bh7 58. Ka5
Bg8 59. Ba6 $1 (59. Ba6 bxa6 (59... Bh7 60. Bxb7 Nxb7+ 61. Ka6 Nd8 62. b7 Nxb7
63. Kxb7 Ke7 64. Kc7) 60. Kxa6 Bh7 61. Ka7 $18 {[%cal Rb6b7] /\b7}) 1-0

[Event "Vinkovci"]
[Site "Vinkovci"]
[Date "1995.??.??"]
[Round "?"]
[White "Kurajica, Bojan"]
[Black "Stohl, Igor"]
[Result "1/2-1/2"]
[WhiteElo "2585"]
[BlackElo "2530"]
[Annotator "Stohl,I"]
[PlyCount "69"]
[EventDate "1995.04.??"]
[EventType "tourn"]
[EventRounds "11"]
[EventCountry "CRO"]
[EventCategory "9"]
[SourceTitle "CBM 048"]
[Source "ChessBase"]
[SourceDate "1995.10.01"]
[SourceVersion "1"]
[SourceVersionDate "1995.10.01"]
[SourceQuality "1"]

1. d4 Nf6 2. Nf3 g6 3. g3 Bg7 4. Bg2 O-O 5. O-O d5 6. Nbd2 (6. Bf4 Na6 7. Nbd2
c5 8. c3 b6 9. Qb3 Bb7 10. a4 Nh5 (10... Rc8 $6 11. a5 c4 12. Qb5 Nc7 13. Bxc7
Qxc7 14. axb6 axb6 15. e4 $5 $14 Bc6 16. Qb4 dxe4 17. Ne5 Bd5 18. Rfc1 Rfd8 19.
Qb5 $1 {[%cal Ra1a4] /\ Ra4} Ne8 20. Bxe4 e6 21. Bxd5 Rxd5 22. Qa6 $1 Nd6 23.
Ng4 Rb5 24. Ra2 Qb7 25. Qxb7 Nxb7 26. Ne3 $16 {Nogueiras,J-Fernandez Garcia,J/
Las Palmas/1992/}) 11. Be3 c4 12. Qb5 Nc7 13. Qb4 Na6 14. Qa3 Rc8 $10) 6... Na6
(6... c5 7. dxc5 Na6 8. Nb3 e6 9. Bf4 Ne4 10. Qc1 Naxc5 11. Nxc5 Nxc5 12. c4 b6
13. cxd5 Ba6 14. dxe6 Nxe6 15. Rd1 Qc8 16. Be5 Bxe2 17. Bxg7 Bxd1 18. Bxf8 Bxf3
19. Bxf3 Nd4 20. Qxc8 Nxf3+ 21. Kg2 Rxc8 22. Bb4 Nd4 $10 {Andersson,U-Kozul,Z/
Biel/1991/}) (6... a5 $5 7. c4 c6 8. b3 Be6 9. Bb2 a4 10. bxa4 Qa5 11. cxd5
cxd5 12. Ne5 Nbd7 13. Nxd7 Bxd7 14. Nb3 Qxa4 15. Nc5 Qxd1 16. Rfxd1 {1/2-1/2,
Polugaevsky,L-Kasparov,G/Reggio Emilia/1991/}) 7. b3 $146 (7. Nb3 b6 $5 {
[%csl Rb3] פb3} 8. Ne5 Bb7 9. Be3 $6 (9. c4 $142 e6 10. Bf4 Qe7 $5 $13 {
[%csl Yc4,Yc5,Yd4,Yd5][%cal Yc7c5] /\c5[+]}) 9... Ne4 $1 $10 10. Rc1 c5 11. c4
Rc8 12. Nd2 e6 13. f4 Nd6 14. dxc5 Nxc5 15. b4 (15. cxd5 $5) 15... Nd7 16. cxd5
Bxd5 17. Nc6 $1 Qe8 $1 18. Bxd5 exd5 19. Bf2 Nb5 {Ye,Rongguang-Stohl,I/Manila
izt/1990/} 20. Qb3 $1 $8 d4 21. Nf3 $10) 7... c5 8. e3 (8. Bb2 Ne4 (8... cxd4
$6 9. Bxd4 $14 {[%cal Yc2c4] /\c4}) 9. e3 (9. Nxe4 dxe4 10. Ne5 Qc7 $1 $15 {
[%cal Rf8d8] /\Rd8}) 9... Bf5 $10) 8... Bf5 9. a3 (9. Bb2 Nb4 $1 10. Ne1 (10.
dxc5 Nxc2 11. Rc1 Nb4 $17) (10. c4 Bd3 $17 {[%cal Rb4c2] /\Nc2}) 10... cxd4 11.
Bxd4 (11. exd4 Rc8 12. c3 Nc6 $15) 11... Nc6 $36) 9... Rc8 (9... Qc8 $5 10. Bb2
(10. Re1 cxd4 11. Nxd4 Bg4 12. f3 Bh3 $15) 10... cxd4 11. Nxd4 Bh3 $10) 10. Bb2
cxd4 (10... c4 $6 11. bxc4 dxc4 12. Nb1 $1 $14) 11. Nxd4 Bg4 12. N4f3 $1 (12.
f3 Bd7 $15) (12. Qb1 Nc5 13. h3 Bd7 14. Rd1 $10) 12... Nc5 13. h3 Bd7 (13...
Bxf3 14. Bxf3 (14. Nxf3 Nfe4 $10) 14... Qd7 15. Bg2 Rfd8 16. Qe2 {[%csl Gb2,
Gg2][%cal Yf1d1,Yc2c4] /\Rfd1,c4+/=}) 14. Rc1 (14. Ne5 Bb5 15. Re1 Qc7 {
[%cal Yf8d8] /\Rfd8=}) 14... e6 15. Bd4 Qe7 16. b4 $1 Na4 (16... Nce4 17. Nxe4
Nxe4 18. Bxg7 Kxg7 19. c4 $1 $14) 17. c4 dxc4 18. Nxc4 Bb5 19. Qb3 Rfd8 20.
Rfe1 (20. Rfd1 Bxc4 $1 21. Qxa4 (21. Rxc4 $2 Rxc4 22. Qxc4 Nb2 $19) 21... a6 {
[%csl Ra4] ףa4}) (20. Bxa7 $2 Ne4 {[%csl Rc3] ><c3}) (20. Nfe5 Nd5 $10 {
[%cal Rd5c3] /\Ndc3!}) 20... Nd5 21. Bxg7 (21. Nb2 $5 Ndb6 $132) 21... Kxg7 22.
Nb2 (22. Nd4 $142 Bxc4 (22... Be8 $5) 23. Rxc4 Nab6 24. Rxc8 Rxc8 $10) 22...
Ndb6 $1 (22... Nxb2 23. Qxb2+ $14 {[%cal Yf3e5,Yf3d4] /\Ne5,Nd4}) 23. Nd4 Be8
24. Nxa4 Nxa4 $1 {[%cal Re6e5] /\e5} (24... Bxa4 25. Qb2 $14 {[%cal Gb2h8,
Gg2b7] /^h1-a8,a1-h8}) 25. b5 Nc5 26. Qb4 b6 27. Nb3 (27. Nc6 $6 Bxc6 28. bxc6
Qf6 $17 {[%cal Rc5d3] /\Nd3}) 27... Rd3 28. Nd4 $2 (28. Nxc5 bxc5 (28... Rxc5
29. Be4 $1 Rd8 30. Rxc5 $14) 29. Qa4 {[%cal Ya4c2] /\Qc2=}) 28... e5 29. Bf1
Qf6 $1 $36 30. Ne2 $8 (30. Bxd3 Nxd3 31. Rxc8 Qxf2+ 32. Kh1 Nxb4 $19) 30...
Rcd8 31. Nc3 Rd2 32. Nd1 (32. Re2 $5 Nd3 33. Ne4 $8 Nxb4 34. Nxf6 Kxf6 35. axb4
Rxe2 36. Bxe2 Rd2 37. Kf1 Rb2 $17) 32... Qf5 $6 (32... Ra2 $142 $1 $40 {
[%cal Rd8d2] /\Rdd2-+}) 33. Bg2 Qd3 $138 34. Nb2 $1 Qxb5 35. Nc4 $138 (35. Nc4
Rxf2 $5 (35... Ra2 $6 36. Nxe5 Rdd2 37. Qc3 $36) (35... Qxb4 36. axb4 Nd3 37.
Nxd2 Nxe1 38. Rxe1 Rxd2 39. Ra1 Rb2 (39... Rd7 $2 40. Bc6) 40. Rxa7 Kf6 (40...
Kf8 41. Ra8 Ke7 42. Ra7+ Kf6 {-40...Kf6}) (40... Rxb4 41. Re7 $10) 41. Bd5 $5 (
41. Ra8 Bd7 42. Ra7 Be6 $17) 41... Rxb4 42. e4 $44) 36. Qxb5 Rxg2+ (36... Bxb5
37. Kxf2 Nd3+ 38. Ke2 Nxe1 (38... Nxc1+ 39. Rxc1 Rc8 40. Bd5 $16) 39. Kxe1 Rd3
40. Be4 Bxc4 41. Bxd3 $14) 37. Kxg2 Bxb5 38. Rc2 (38. Nxe5 $2 Re8 {[%cal Rc5d3]
/\Nd3}) 38... Bxc4 39. Rxc4 Rd2+ 40. Kg1 Rd3 $15) 1/2-1/2

[Event "St Petersburg op"]
[Site "St Petersburg"]
[Date "1994.??.??"]
[Round "8"]
[White "Rashkovsky, Nukhim N"]
[Black "Pugachov, Alexey"]
[Result "1/2-1/2"]
[WhiteElo "2535"]
[BlackElo "2470"]
[Annotator "Stohl,I"]
[PlyCount "91"]
[EventDate "1994.02.??"]
[EventType "swiss"]
[EventRounds "9"]
[EventCountry "RUS"]
[SourceTitle "CBM 041"]
[Source "ChessBase"]
[SourceDate "1994.08.01"]
[SourceVersion "1"]
[SourceVersionDate "1994.08.01"]
[SourceQuality "1"]

1. d4 Nf6 2. Nf3 g6 3. g3 Bg7 4. Bg2 O-O 5. O-O c6 (5... d6 6. Nc3 c6 (6... d5
$5 $10) 7. a4 (7. e4 $142 $14) 7... d5 $1 8. Bf4 a5 9. Qd2 Bf5 10. Nh4 Be6 11.
Bh6 Qb6 12. Bxg7 Kxg7 13. e3 Nbd7 14. h3 Ne8 15. e4 dxe4 16. Nxe4 Nef6 17. Ng5
Bd5 18. Rfe1 h6 19. Bxd5 Nxd5 20. c4 Qb4 $1 21. Qc1 N5f6 22. Ngf3 e6 $10 {
Rashkovsky,N-Link,M/Reykjavik op/1994/}) 6. a4 $5 (6. h3 d5 7. Be3 a5 8. Qc1
Qb6 9. c4 Qa6 10. Nbd2 a4 11. Ne5 Nbd7 (11... Be6 $5 $10) 12. f4 $1 dxc4 13.
Ndxc4 Nd5 14. Bf2 Nxe5 15. dxe5 Be6 16. b3 f6 17. e4 Nb4 18. exf6 Bxf6 19. e5
Bg7 20. Nb2 a3 21. Na4 $14 {ץg7,Starosek,K-Krasenkov,M/St.Petersburg op/1994/}
) 6... d5 (6... d6 7. a5 Na6 8. c4 Ne4 9. Nc3 $5 Nxc3 10. bxc3 Be6 11. Qd3 d5
12. cxd5 cxd5 13. Ng5 Bf5 14. Qb5 $16 {Hebelka,M-Repkova,E/SVK-chT/1994/}) 7.
c3 (7. a5 h6 (7... Bf5 $5 8. Nc3 Qc8 $10) 8. Ne5 Bf5 9. h3 Nfd7 10. g4 Nxe5 11.
dxe5 Bc8 12. f4 e6 13. e4 Nd7 14. Nd2 $16 {()} g5 $6 15. exd5 exd5 16. Nf3 gxf4
17. Bxf4 f6 18. Qd2 fxe5 19. Bxh6 Qe7 20. c4 $1 dxc4 21. Rae1 $40 {Rashkovskij,
N-Kachur,A/Aktjubinsk/1985/}) 7... Bf5 8. Nh4 Be6 9. Nd2 {/\e4} Qc8 10. Re1 (
10. Nb3 Bh3 $10 (10... Na6 $5 {/\c5})) 10... c5 $1 $10 11. Nb3 (11. dxc5 Qxc5
12. Nhf3 $10) 11... cxd4 12. cxd4 Bh3 13. Bh1 (13. Bf4 Bxg2 14. Nxg2 Nc6 $10)
13... Nc6 14. Bf4 Qd8 $1 {/\Qb6|^} 15. Nf3 Ne4 (15... Qb6 $5 16. Ne5 Rfc8 $36)
16. a5 Rc8 17. Ng5 $5 Bf5 18. Ra4 Nxg5 19. Bxg5 h6 20. Bd2 b5 (20... Be4 21.
Bc3 $10) 21. Ra1 (21. axb6 $5 Qxb6 22. Bc3) 21... e6 $6 (21... Nxd4 $5 22. Nxd4
Bxd4 23. Bxh6 Bxb2 {/\Bc2} 24. Bxf8 Bxa1 25. Bxe7 (25. Qxa1 Qxf8 26. Bxd5 Qd8
27. Rd1 Qc7 $15) 25... Qxe7 26. Qxa1 Be4 $15) 22. e3 {><c5} g5 23. Qe2 a6 24.
Rec1 e5 $5 25. Rc5 (25. dxe5 Bxe5 26. Bc3 $14) 25... exd4 26. Rxd5 Qf6 27. Rc1
(27. exd4 $6 Bc2 $1 28. Bxg5 Qg6 $1 $17) (27. Nxd4 Nxd4 28. exd4 Rc2 $36) 27...
dxe3 28. Qxe3 (28. Bc3 $5 Qg6 (28... exf2+ $2 29. Qxf2 $18) 29. Bxg7 Kxg7 30.
Qxe3 (30. Rxf5 Qxf5 31. Bxc6 exf2+ 32. Qxf2 Qxf2+ 33. Kxf2 Rfd8 $44) 30... Rfe8
$132) 28... Be6 29. Rd6 Ne5 30. Rxc8 Rxc8 31. Bc3 (31. Rxa6 $6 Nc4 $36) 31...
Qe7 $1 32. Bxe5 $8 Bxb3 33. Qxb3 Qxe5 (33... Rc1+ 34. Rd1 $10) 34. Rd1 Qxb2 $10
35. Qxb2 Bxb2 36. Bb7 Rc5 37. Rd6 (37. Bxa6 b4 $15) 37... b4 38. Rxa6 Bd4 (
38... Bc3 39. Ra8+ Kg7 40. a6 b3 41. a7 Ra5 42. Be4 b2 43. Rc8 $10) 39. Rd6
Rc1+ 40. Kg2 Bc5 41. Rd2 b3 42. Rb2 (42. Bd5 $2 Rc2 $1) 42... Rc2 43. Rxb3
Rxf2+ 44. Kh1 (44. Kh3 $6 f5 $40) 44... g4 {/\Rf1-g1#} 45. Rb1 $8 Ra2 46. a6
1/2-1/2